Entry Nombre personal
001 - NÚMERO DE CONTROL
- campo de control: 41
003 - IDENTIFICADOR DEL NÚMERO DE CONTROL
- campo de control: OSt
005 - FECHA Y HORA DE LA ÚLTIMA TRANSACCIÓN
- campo de control: 20211014100129.0
008 - DATOS DE LONGITUD FIJA
- campo de control de longitud fija: 200615|| aca||aabn | a|a d
040 ## - FUENTE DE LA CATALOGACIÓN
- Centro catalogador/agencia de origen: OSt
- Centro/agencia transcriptor: OSt
100 1# - ENCABEZAMIENTO-NOMBRE DE PERSONA
- Nombre de persona: Reynoso, Menoscal
370 ## - LUGAR ASOCIADO
- Lugar de nacimiento: Santo Domingo (República Dominicana)
373 ## - GRUPO ASOCIADO
- Grupo asociado: República Dominicana. Tribunal Superior Electoral
374 ## - OCUPACIÓN
- Ocupación: Periodista
- Ocupación: Escritor
- Ocupación: Novelista
375 ## - GÉNERO/SEXO
- Género/Sexo: Masculino
377 ## - LENGUA/LENGUAJE ASOCIADO
- Código del idioma: spa
400 1# - TRAZADO DE VÉASE--NOMBRE DE PERSONA
- Nombre de persona: Menoscal Reynoso, Rafael
400 1# - TRAZADO DE VÉASE--NOMBRE DE PERSONA
- Nombre de persona: Reynoso, Rafael Menoscal
400 1# - TRAZADO DE VÉASE--NOMBRE DE PERSONA
- Nombre de persona: Menoscal Reynoso
670 ## - FUENTE DE DATOS ENCONTRADOS
- Cita de la fuente: Reynoso, Menoscal, El costo de la verdad /, 2008.
670 ## - FUENTE DE DATOS ENCONTRADOS
- Cita de la fuente: La barca del silencio, 2005
